Volba marketingových činností vzhledem k velikosti podniku

Základná schéma marketingového procesu. Úloha veľkosti podniku pri rozhodovaní o využívaní marketingových činností.

Guardado en:
Detalles Bibliográficos
Autor principal: Milichovský, František
Otros Autores: Šmakalová, Petra
Formato: Capítulo de libro
Lenguaje:checo
Materias:
Etiquetas: Agregar Etiqueta
Sin Etiquetas, Sea el primero en etiquetar este registro!

MARC

LEADER 00000naa a2200000 4500
001 0198862
005 20231204134951.9
041 0 |a cze 
044 |a CZ 
245 1 0 |a Volba marketingových činností vzhledem k velikosti podniku  |c František Milichovský, Petra Šmakalová 
520 |a Základná schéma marketingového procesu. Úloha veľkosti podniku pri rozhodovaní o využívaní marketingových činností. 
610 2 0 |a podnik 
610 2 0 |a stratégia marketingová 
610 2 0 |a prostredie podnikateľské 
610 2 0 |a konkurencia 
610 2 0 |a marketing 
100 1 |a Milichovský, František 
700 1 |a Šmakalová, Petra